000 00790nam a22002055i 4500
001 159768
003 ES-MaACL
005 20250629063135.0
008 971014s1867 fr |||| | fre d
040 _aAR
_bspa
_cAR
100 1 _aMirecourt, Eugène de,
_d1812-1880
_9129980
245 1 3 _aLe bibliphile Jacob (Paul Lacroix) /
_cpar Eugène de Mirecourt.
260 _aParis :
_bchez Achille Faure,
_c1867 (
_fTypogr. L.-Ph. Costet)
300 _a64 p. ;
_c15 cm.
490 1 _aHistoire contemporaine : portraits et silhouettes au XIXe siècle ;
_v10
600 1 4 _aLacroix, Paul (
_d1806-1884)
_969408
830 0 _aHistoire contemporaine : portraits et silhouettes au XIXe siècle ;
_v10
_9188215
852 _aES-MaACL
_jG-14942(4)
_z-- Enc. hol.
999 _c159768
_d159768